| 000 | 00489nam a2200181Ia 4500 | ||
|---|---|---|---|
| 008 | 180921t2015 xxu||||| |||| 00| 0 sin d | ||
| 041 | _asin | ||
| 080 |
_a8C3 _b(Youth) SIN |
||
| 100 | _aSingh, Rungeen | ||
| 245 | _aදිරිය නුවණ වඩන කතා | ||
| 246 | _aThe Best Of Moral Stories | ||
| 260 |
_bGodage _aColombo _c2015 |
||
| 300 | _a, | ||
| 700 |
_aSaundarya Sri Alawaththage _etr. |
||
| 942 | _cBK | ||
| 999 |
_c11267 _d11267 |
||
| 003 | LK-CoDNM | ||
| 040 |
_aLK-CoDNM _dLK-CoDNM _eLK-CoDNM |
||